[Event "Faxe EMT"]
[Site "Faxe"]
[Date "2011.05.11"]
[Round "6"]
[White "Hansen, Egon"]
[Black "Larsen, Paul M"]
[Result "1-0"]
[WhiteElo "1363"]
[BlackElo "1507"]
[PlyCount "88"]
[EventDate "2011.04.11"]
[EventType "swiss"]
[EventRounds "7"]
[EventCountry "DEN"]
[SourceTitle "EXT 2023"]
[Source "ChessBase"]
[SourceDate "2022.10.05"]
[SourceVersion "1"]
[SourceVersionDate "2022.10.05"]
[SourceQuality "1"]

1. d4 Nf6 2. c4 e6 3. Nf3 b6 4. g3 Bb7 5. Bg2 Be7 6. Nc3 Bb4 7. Bd2 0-0 8. 0-0 Bxc3 9. Bxc3 Ne4 10. Qc2 f5 11. Nd2 d5 12. Rfd1 Nd7 13. b4 c6 14. e3 Nxd2 15. Bxd2 Rf6 16. e4 Qf8 17. exd5 cxd5 18. cxd5 Rc8 19. Qb3 exd5 20. Bxd5+ Bxd5 21. Qxd5+ Rf7 22. Rac1 Rxc1 23. Rxc1 Nf6 24. Qb3 Kh8 25. Bf4 h6 26. a3 Nh5 27. Qf3 Nf6 28. Qc6 Kh7 29. d5 Ne4 30. Qc8 Qe7 31. Rc7 Qf6 32. Rxf7 Qxf7 33. d6 Nxd6 34. Bxd6 Qd5 35. Bf4 Qd1+ 36. Kg2 Qd5+ 37. Kh3 Qd3 38. Qc1 Qe4 39. Qe3 Qd5 40. g4 fxg4+ 41. Kxg4 Qd7+ 42. Kg3 h5 43. Qe2 Qf7 44. Qd3+ Kh8 1-0

[Event "Faxe EMT"]
[Site "Faxe"]
[Date "2011.04.30"]
[Round "1"]
[White "Hansen, Egon"]
[Black "Hansen, Borge"]
[Result "0-1"]
[WhiteElo "1363"]
[BlackElo "1592"]
[PlyCount "52"]
[EventDate "2011.04.11"]
[EventType "swiss"]
[EventRounds "7"]
[EventCountry "DEN"]
[SourceTitle "EXT 2023"]
[Source "ChessBase"]
[SourceDate "2022.10.05"]
[SourceVersion "1"]
[SourceVersionDate "2022.10.05"]
[SourceQuality "1"]

1. e4 e5 2. d4 exd4 3. Bc4 d6 4. Qxd4 Nc6 5. Bb5 Bd7 6. Bxc6 Bxc6 7. Nf3 Qf6 8. Nc3 Qxd4 9. Nxd4 Bd7 10. 0-0 0-0-0 11. a4 Ne7 12. Be3 Kb8 13. b4 Nc6 14. Nxc6+ Bxc6 15. b5 Bd7 16. a5 c6 17. Rfb1 cxb5 18. Nxb5 Bxb5 19. Rxb5 a6 20. Rb6 Be7 21. Rab1 Rd7 22. Rxa6 Rc8 23. Ba7+ Ka8 24. Rab6 Kxa7 25. R6b2 Rc6 26. Ra2 Rdc7 0-1

[Event "Faxe EMT"]
[Site "Faxe"]
[Date "2010.04.21"]
[Round "5"]
[White "Eriksen, Knud"]
[Black "Hansen, Egon"]
[Result "1/2-1/2"]
[WhiteElo "1060"]
[BlackElo "1522"]
[PlyCount "95"]
[EventDate "2010.03.17"]
[EventType "swiss"]
[EventRounds "7"]
[EventCountry "DEN"]
[SourceTitle "EXT 2023"]
[Source "ChessBase"]
[SourceDate "2022.10.05"]
[SourceVersion "1"]
[SourceVersionDate "2022.10.05"]
[SourceQuality "1"]

1. Nf3 d5 2. d4 Nf6 3. e3 e6 4. a3 Bd6 5. Bd3 Nbd7 6. Nbd2 e5 7. dxe5 Nxe5 8. Bb5+ c6 9. Ba4 Bg4 10. h3 Bh5 11. c3 Bg6 12. Nxe5 Bxe5 13. Nf3 Qd6 14. Qd2 Ne4 15. Qe2 0-0 16. Bc2 f5 17. 0-0 Bh5 18. Bd1 g5 19. Qe1 g4 20. Nxe5 Qxe5 21. Bd2 Rf6 22. Rb1 Qe8 23. h4 Qf7 24. Be2 Re8 25. b3 f4 26. c4 f3 27. Bd3 fxg2 28. Kxg2 Qe6 29. cxd5 cxd5 30. Rc1 Ref8 31. Bxe4 Qxe4+ 32. Kg1 Qf3 33. Bb4 Re8 34. Rc7 Bg6 35. Qd1 Rf7 36. Qxf3 gxf3 37. Rxf7 Kxf7 38. Rc1 Rg8 39. Rc7+ Ke6 40. Kh2 Bf5 41. Kh1 Rg4 42. Rc3 Rxh4+ 43. Kg1 Bh3 44. Kh2 Bg2+ 45. Kg3 Rh6 46. Rc7 Rg6+ 47. Kh2 Rh6+ 48. Kg3 1/2-1/2

[Event "Faxe EMT"]
[Site "Faxe"]
[Date "2010.03.24"]
[Round "2"]
[White "Hansen, Egon"]
[Black "Arendal, Gustav"]
[Result "0-1"]
[WhiteElo "1522"]
[BlackElo "1890"]
[PlyCount "60"]
[EventDate "2010.03.17"]
[EventType "swiss"]
[EventRounds "7"]
[EventCountry "DEN"]
[SourceTitle "EXT 2023"]
[Source "ChessBase"]
[SourceDate "2022.10.05"]
[SourceVersion "1"]
[SourceVersionDate "2022.10.05"]
[SourceQuality "1"]

1. d4 Nf6 2. Nf3 g6 3. c4 Bg7 4. Nc3 0-0 5. e4 d6 6. h3 Nbd7 7. Be3 e5 8. Qd2 a6 9. Be2 Nh5 10. 0-0-0 Nf4 11. g4 Nxe2+ 12. Qxe2 c6 13. h4 Qa5 14. Rdg1 exd4 15. Nxd4 h6 16. Qd2 Kh7 17. f4 c5 18. Nb3 Qb4 19. Qd3 b5 20. Nd2 Bxc3 21. Qxc3 Qxc3+ 22. bxc3 Nf6 23. g5 Ng4 24. Rg3 h5 25. Kc2 Re8 26. Kd3 Bb7 27. Re1 bxc4+ 28. Kxc4 Bxe4 29. Nxe4 Rxe4+ 30. Kd5 Rae8 0-1

[Event "Faxe EMT"]
[Site "Faxe"]
[Date "2008.04.02"]
[Round "2"]
[White "Hansen, Egon"]
[Black "Jepsen, Finn"]
[Result "1-0"]
[WhiteElo "1490"]
[BlackElo "1183"]
[PlyCount "77"]
[EventDate "2008.03.26"]
[EventType "swiss"]
[EventRounds "7"]
[EventCountry "DEN"]
[SourceTitle "EXT 2023"]
[Source "ChessBase"]
[SourceDate "2022.10.05"]
[SourceVersion "1"]
[SourceVersionDate "2022.10.05"]
[SourceQuality "1"]

1. e4 c5 2. Nf3 Nc6 3. d4 cxd4 4. Nxd4 d6 5. Nc3 Nf6 6. Be2 e6 7. 0-0 Be7 8. Be3 a6 9. a4 0-0 10. Qd2 e5 11. Nxc6 bxc6 12. Rfd1 a5 13. f3 Be6 14. Qe1 Ne8 15. Qf2 f5 16. exf5 Bxf5 17. Bd3 Bxd3 18. Rxd3 Qd7 19. Ne4 Qe6 20. Qe2 Nf6 21. Ng3 Qf7 22. Nf5 Nd5 23. Nxe7+ Qxe7 24. Bd2 Qd7 25. c4 Nf4 26. Bxf4 Rxf4 27. b3 Qa7+ 28. Kh1 Rd8 29. Rad1 Qc7 30. Qd2 Rf6 31. Re1 Qe7 32. Qxa5 Rff8 33. Qb6 c5 34. Qc6 Rf4 35. Re4 h6 36. Qd5+ Kh7 37. g3 Rf5 38. Re2 g5 39. Qe4 1-0

[Event "Faxe EMT"]
[Site "Faxe"]
[Date "2008.03.26"]
[Round "1"]
[White "Eriksen, Knud"]
[Black "Hansen, Egon"]
[Result "1/2-1/2"]
[WhiteElo "1158"]
[BlackElo "1490"]
[PlyCount "70"]
[EventDate "2008.03.26"]
[EventType "swiss"]
[EventRounds "7"]
[EventCountry "DEN"]
[SourceTitle "EXT 2023"]
[Source "ChessBase"]
[SourceDate "2022.10.05"]
[SourceVersion "1"]
[SourceVersionDate "2022.10.05"]
[SourceQuality "1"]

1. d4 Nf6 2. c4 d5 3. e3 e6 4. a3 c5 5. cxd5 exd5 6. Nf3 Nc6 7. Be2 Bd6 8. Nc3 0-0 9. 0-0 a6 10. dxc5 Bxc5 11. b4 Be7 12. Bb2 Bf5 13. Bd3 Qd7 14. h3 Rfd8 15. Qe2 Bxd3 16. Qxd3 h6 17. Rfd1 Qe6 18. Qc2 Rac8 19. Qb3 Ne8 20. Ne2 Bf6 21. Nf4 Qe4 22. Bxf6 Nxf6 23. Qa2 Qc4 24. Qb2 Qe4 25. Ne2 b5 26. Rac1 Ne7 27. Rxc8 Rxc8 28. Qb3 Qc2 29. Qd3 Kf8 30. Rd2 Qxd3 31. Rxd3 Ke8 32. g4 Ne4 33. Kg2 g5 34. Nfd4 Nf6 35. f3 Kf8 1/2-1/2

[Event "Ostsjaellands op"]
[Site "Faxe"]
[Date "2006.04.05"]
[Round "4"]
[White "Andersen, Bjarne Hjorth"]
[Black "Hansen, Egon"]
[Result "1-0"]
[WhiteElo "1783"]
[BlackElo "1541"]
[PlyCount "37"]
[EventDate "2006.03.15"]
[EventType "swiss"]
[EventRounds "7"]
[EventCountry "DEN"]
[SourceTitle "EXT 2023"]
[Source "ChessBase"]
[SourceDate "2022.10.05"]
[SourceVersion "1"]
[SourceVersionDate "2022.10.05"]
[SourceQuality "1"]

1. e4 e5 2. Nf3 Nc6 3. d4 exd4 4. Nxd4 Qf6 5. Be3 Bc5 6. c3 Nge7 7. g3 0-0 8. Bg2 d6 9. 0-0 Bxd4 10. cxd4 Ng6 11. Nc3 Bd7 12. Qd2 Qd8 13. f4 f5 14. e5 dxe5 15. Bd5+ Kh8 16. dxe5 Re8 17. Rad1 Qe7 18. Qf2 b6 19. Qg2 1-0

[Event "Ostsjaellands op"]
[Site "Faxe"]
[Date "2006.03.21"]
[Round "2"]
[White "Hansen, Egon"]
[Black "Refsgaard, Kaj"]
[Result "0-1"]
[WhiteElo "1541"]
[BlackElo "1785"]
[PlyCount "83"]
[EventDate "2006.03.15"]
[EventType "swiss"]
[EventRounds "7"]
[EventCountry "DEN"]
[SourceTitle "EXT 2023"]
[Source "ChessBase"]
[SourceDate "2022.10.05"]
[SourceVersion "1"]
[SourceVersionDate "2022.10.05"]
[SourceQuality "1"]

1. e4 c5 2. f4 Nc6 3. Nf3 g6 4. d3 Bg7 5. c3 d6 6. Be2 Nf6 7. 0-0 0-0 8. Nbd2 Ng4 9. Nc4 b5 10. Ne3 b4 11. Qc2 bxc3 12. bxc3 Qa5 13. Nxg4 Bxg4 14. Bd2 Rab8 15. Rab1 Qc7 16. h3 Be6 17. Ng5 Bd7 18. Nf3 Rb6 19. g4 Rfb8 20. Kg2 Qb7 21. Rxb6 Qxb6 22. Rc1 Qb2 23. f5 Qa3 24. Rb1 Rxb1 25. Qxb1 Bxc3 26. Be3 Qb2 27. Qxb2 Bxb2 28. Bd1 Nb4 29. fxg6 hxg6 30. Bg5 f6 31. Bb3+ Kg7 32. Bd2 Nxd3 33. Ba5 Bc6 34. Nd2 Bc1 35. Kf3 f5 36. gxf5 gxf5 37. Bd5 Bxd2 38. Bxd2 fxe4+ 39. Bxe4 Bxe4+ 40. Kxe4 Nf2+ 41. Kd5 Nxh3 42. Ke6 0-1

[Event "Faxe EMT"]
[Site "Faxe"]
[Date "2005.05.02"]
[Round "5"]
[White "Hansen, Egon"]
[Black "Gisli, Theodor"]
[Result "1/2-1/2"]
[WhiteElo "1619"]
[BlackElo "1538"]
[PlyCount "37"]
[EventDate "2005.03.30"]
[EventType "swiss"]
[EventRounds "7"]
[EventCountry "DEN"]
[SourceTitle "EXT 2023"]
[Source "ChessBase"]
[SourceDate "2022.10.05"]
[SourceVersion "1"]
[SourceVersionDate "2022.10.05"]
[SourceQuality "1"]

1. d4 f5 2. c4 Nf6 3. Nc3 e6 4. Nf3 d5 5. Bf4 c6 6. e3 Bd6 7. Ne5 0-0 8. Bd3 Qe8 9. 0-0 Nbd7 10. h3 Bxe5 11. dxe5 Ne4 12. Bxe4 fxe4 13. cxd5 exd5 14. Nxd5 cxd5 15. Qxd5+ Kh8 16. Qxe4 Nc5 17. Qd4 Ne6 18. Qe4 Nc5 19. Qd4 1/2-1/2